[Event "POLFINAL MISTRZOSTW POLSKI JUNIOROW 2016 - D11"]
[Site "Centrum Kongresow i Rekreacji Orle Gniazdo ul. Wrzosowa 28a, Szczyrk"]
[Date "1899-12-30"]
[Round "1.1"]
[White "Karys, Katarzyna"]
[Black "Kieca, Aleksandra"]
[Result "0-1"]
[WhiteTitle "II"]
[BlackTitle "II+"]
[WhiteElo "1099"]
[BlackElo "1216"]

1. e4 c5 2. Nf3 d6 3. d4 cxd4 4. Nxd4 Nf6 5. Nc3 a6 6. Be2 Nbd7 7. Be3 g6 8. Qd2
Bg7 9. O-O O-O 10. f4 Qc7 11. f5 Ne5 12. fxg6 hxg6 13. Bh6 Neg4 14. Bxg4 Nxg4
15. Bxg7 Kxg7 16. Rf3 d5 17. Rh3 dxe4 18. Nxe4 Qb6 19. Qc3 e5 20. Qf3 Qxd4+ 21.
Kh1 Bf5 22. Rh4 Qxe4 23. Qxe4 Nf2+ 24. Kg1 Nxe4 25. Re1 Rfe8 26. c4 Rad8 27. b4
Rd4 28. Rc1 Red8 29. Re1 Rd1 30. Rf1 Rxf1+ 31. Kxf1 Rd4 32. Ke2 Nc3+ 33. Ke3 Rxh4
34. g3 Rxh2 35. Kf3 g5 36. a4 g4+ 37. Ke3 Re2# 0-1

[Event "POLFINAL MISTRZOSTW POLSKI JUNIOROW 2016 - D11"]
[Site "Centrum Kongresow i Rekreacji Orle Gniazdo ul. Wrzosowa 28a, Szczyrk"]
[Date "1899-12-30"]
[Round "1.2"]
[White "Laszczuk, Zofia"]
[Black "Czerwinska, Oliwia"]
[Result "0-1"]
[WhiteTitle "II"]
[BlackTitle "II+"]
[WhiteElo "1165"]
[BlackElo "1067"]

1. d4 d5 2. c4 c6 3. Nf3 Nf6 4. Nc3 e6 5. Bg5 h6 6. Bh4 Nbd7 7. e3 g5 8. Bg3 Bb4
9. Nd2 Qa5 10. Qc2 Bxc3 11. bxc3 Nf8 12. Rb1 Ng6 13. cxd5 Qxd5 14. e4 Qd8 15.
Bd3 Nh5 16. O-O Ngf4 17. Bxf4 Nxf4 18. g3 Nxd3 19. Qxd3 c5 20. e5 b6 21. Nc4 Ba6
22. Nd6+ Qxd6 23. Qxa6 Qd5 24. Rbd1 O-O 25. Qd3 cxd4 26. cxd4 Qxa2 27. Qf3 Qd5
28. Qf6 Kh7 29. h4 Qd8 30. Qf3 gxh4 31. Qe4+ Kh8 32. gxh4 Rg8+ 33. Kh2 f5 34.
Qf4 Kh7 35. Rg1 Qe7 36. Rxg8 Rxg8 37. d5 Rg4 38. Qf3 Qxh4+ 39. Qh3 Qxf2+ 40. Kh1
Rh4 41. Qxh4 Qxh4+ 42. Kg1 Qg4+ 43. Kf2 Qxd1 44. dxe6 Qd4+ 45. Kg2 Qxe5 46. e7
Qxe7 47. Kf2 a5 48. Kf3 a4 49. Kf2 a3 50. Kf3 a2 51. Kf2 a1=R 52. Kf3 Qe4+ 53.
Kf2 Ra2+ 54. Kg3 Ra3+ 55. Kf2 Qc2+ 56. Ke1 Ra1# 0-1

[Event "POLFINAL MISTRZOSTW POLSKI JUNIOROW 2016 - D11"]
[Site "Centrum Kongresow i Rekreacji Orle Gniazdo ul. Wrzosowa 28a, Szczyrk"]
[Date "1899-12-30"]
[Round "1.3"]
[White "Scisla, Oliwia"]
[Black "Obrochta, Lena"]
[Result "1/2-1/2"]
[WhiteTitle "I"]
[BlackTitle "II+"]
[WhiteElo "1066"]
[BlackElo "1149"]

1. e4 e5 2. Nf3 d6 3. d4 Nd7 4. Nc3 Be7 5. Bc4 c6 6. O-O Ngf6 7. Bg5 O-O 8. Re1
Qc7 9. Qd2 Re8 10. Bxf6 Bxf6 11. Rad1 Nb6 12. Bb3 Bg4 13. dxe5 dxe5 14. Qe3 Rad8
15. h3 Bc8 16. Ng5 Bxg5 17. Qxg5 h6 18. Qg3 Qe7 19. Rxd8 Rxd8 20. Re3 Kh8 21.
Rf3 Rf8 22. Nd1 Nd7 23. Ne3 Nf6 24. Nf5 Bxf5 25. Rxf5 Re8 26. Qh4 b5 27. g4 Nxe4
28. Qxe7 Rxe7 29. Rxf7 Rxf7 30. Bxf7 Ng5 31. Be8 Nxh3+ 32. Kg2 Nf4+ 33. Kf3 Kg8
34. Bxc6 b4 35. Ke4 Nh3 36. f3 Nf2+ 37. Kxe5 Nd1 38. Bd5+ Kf8 39. b3 Ke7 40. Kd4
Kd6 41. Be4 Nc3 42. Bd3 g5 43. Kc4 a5 44. Kd4 Nxa2 45. Ke3 Ke5 1/2-1/2

[Event "POLFINAL MISTRZOSTW POLSKI JUNIOROW 2016 - D11"]
[Site "Centrum Kongresow i Rekreacji Orle Gniazdo ul. Wrzosowa 28a, Szczyrk"]
[Date "1899-12-30"]
[Round "1.4"]
[White "Kulpa, Karolina"]
[Black "Grzyb, Anna"]
[Result "1-0"]
[WhiteTitle "II+"]
[BlackTitle "II"]
[WhiteElo "1148"]
[BlackElo "1053"]

1. d4 d5 2. c4 e6 3. Nc3 Bb4 4. Nf3 Nc6 5. Bg5 Nf6 6. e3 b6 7. Bd3 dxc4 8. Bxc4
Bb7 9. O-O Bxc3 10. bxc3 h6 11. Bh4 g5 12. Bg3 Nd5 13. Qb3 Na5 14. Qa4+ Bc6 15.
Bb5 Bxb5 16. Qxb5+ c6 17. Qd3 h5 18. c4 Nc7 19. Bxc7 Qxc7 20. Nxg5 Rd8 21. Qc2
Qe7 22. h4 Qb4 23. Rac1 c5 24. d5 e5 25. Qf5 Rf8 26. Qxe5+ Kd7 27. Nxf7 Rde8 28.
Qd6+ Kc8 29. Ne5 Rd8 30. Qe6+ Kb7 31. Nc6 Nxc6 32. Qxc6+ Kb8 33. Rfd1 Qb2 34.
Rf1 Qxa2 35. d6 Qd2 36. Qc7+ Ka8 37. Ra1 a5 38. Qxb6 Rxd6 39. Rxa5+ 1-0

[Event "POLFINAL MISTRZOSTW POLSKI JUNIOROW 2016 - D11"]
[Site "Centrum Kongresow i Rekreacji Orle Gniazdo ul. Wrzosowa 28a, Szczyrk"]
[Date "1899-12-30"]
[Round "1.5"]
[White "Gaczol, Julia"]
[Black "Najdecka, Sandra"]
[Result "1-0"]
[WhiteTitle "II"]
[BlackTitle "II"]
[WhiteElo "1037"]
[BlackElo "1123"]

1. e4 e5 2. Nf3 Nc6 3. d4 exd4 4. Nxd4 Nf6 5. Nc3 Bb4 6. Nxc6 bxc6 7. Bd3 O-O 8.
Bd2 Re8 9. f3 Bc5 10. Be2 Nh5 11. g3 d5 12. Bd3 dxe4 13. fxe4 Nf6 14. h3 Qd4 15.
Qf3 Bb7 16. g4 Re7 17. O-O-O Rae8 18. Rde1 Bb6 19. h4 c5 20. Bg5 Re6 21. Bxf6
Rxf6 22. Qe3 Qe5 23. Qe2 Ba5 24. g5 Rfe6 25. Bc4 Bxc3 26. bxc3 Rb6 27. Qf3 Re7
28. Rhf1 Qd6 29. Bxf7+ Kh8 30. Bb3 Re8 31. Qf7 Rd8 32. Rd1 Bd5 33. Rxd5 Rbb8 34.
Rxd6 cxd6 35. Qxa7 h6 36. gxh6 Rg8 37. hxg7+ Kh7 38. Bxg8+ Rxg8 39. Rf8 Rxg7 40.
Qxg7+ Kxg7 41. Rd8 Kg6 42. Rxd6+ 1-0

[Event "POLFINAL MISTRZOSTW POLSKI JUNIOROW 2016 - D11"]
[Site "Centrum Kongresow i Rekreacji Orle Gniazdo ul. Wrzosowa 28a, Szczyrk"]
[Date "1899-12-30"]
[Round "1.6"]
[White "Reszka, Zofia"]
[Black "Bukala, Weronika"]
[Result "1-0"]
[WhiteTitle "I"]
[BlackTitle "II+"]
[WhiteElo "1120"]
[BlackElo "1026"]

1. e4 d5 2. exd5 Qxd5 3. Nc3 Qa5 4. d4 Nf6 5. Bd3 Nc6 6. Nf3 Bg4 7. Be2 O-O-O 8.
Be3 Ne4 9. Qd3 Bf5 10. Qc4 Nxc3 11. Bd2 Nb4 12. Bxc3 Nxc2+ 13. Kf1 Qd5 14. Rc1
g6 15. Qxd5 Rxd5 16. Rd1 Bg7 17. Bd3 Nxd4 18. Bxf5+ gxf5 19. Ng5 Rhd8 20. Nxf7
R8d7 21. Ng5 Nc2 22. Rxd5 Rxd5 23. Ke2 Bxc3 24. bxc3 h6 25. Nf7 Ra5 26. Rd1 b6
27. Nxh6 Rxa2 28. Rd2 a5 29. Kd1 a4 30. Rxc2 Rxc2 31. Kxc2 b5 32. Nxf5 c5 33.
Nxe7+ Kb7 34. h4 b4 35. cxb4 cxb4 36. Nd5 b3+ 37. Kb2 Kc6 38. h5 Kc5 39. Nc3 Kb4
40. Nxa4 Kxa4 41. h6 Kb4 42. h7 Kc4 43. h8=Q Kb4 44. Qc3+ Ka4 45. Qxb3+ Ka5 46.
Kc3 Ka6 47. Kc4 Ka7 48. Kc5 Ka8 49. Kc6 Ka7 50. Qb7# 1-0

[Event "POLFINAL MISTRZOSTW POLSKI JUNIOROW 2016 - D11"]
[Site "Centrum Kongresow i Rekreacji Orle Gniazdo ul. Wrzosowa 28a, Szczyrk"]
[Date "1899-12-30"]
[Round "1.7"]
[White "Cieslak, Emilia"]
[Black "Szewc, Dobromila"]
[Result "0-1"]
[WhiteTitle "II"]
[BlackTitle "II"]
[WhiteElo "1008"]
[BlackElo "1116"]

1. e4 e5 2. Nf3 Nc6 3. Bc4 Bc5 4. c3 Nf6 5. d4 exd4 6. cxd4 Bb4+ 7. Bd2 Nxe4 8.
Bxb4 Nxb4 9. a3 Nc6 10. Qe2 d5 11. Bd3 Qe7 12. O-O O-O 13. Re1 Re8 14. b4 Bg4
15. Qe3 Nf6 16. Qxe7 Rxe7 17. Rxe7 Nxe7 18. Ne5 Bf5 19. Be2 Ng6 20. Nxg6 Bxg6
21. Nc3 c6 22. Rc1 Re8 23. h3 Ne4 24. Bd3 Nxc3 25. Bxg6 Ne2+ 26. Kf1 Nxc1 27.
Bc2 Ne2 28. Bd3 Nxd4 29. g4 f6 30. f4 b6 31. a4 c5 32. bxc5 bxc5 33. f5 c4 34.
Bb1 c3 35. h4 c2 36. Bxc2 Nxc2 37. a5 d4 38. a6 d3 39. g5 fxg5 40. hxg5 d2 41.
f6 gxf6 42. gxf6 d1=Q+ 43. Kf2 Re3 44. f7+ Kxf7 45. Kg2 Qd2+ 46. Kf1 Re1# 0-1

[Event "POLFINAL MISTRZOSTW POLSKI JUNIOROW 2016 - D11"]
[Site "Centrum Kongresow i Rekreacji Orle Gniazdo ul. Wrzosowa 28a, Szczyrk"]
[Date "1899-12-30"]
[Round "2.1"]
[White "Kieca, Aleksandra"]
[Black "Wichura, Sara"]
[Result "1-0"]
[WhiteTitle "II+"]
[BlackTitle "II"]
[WhiteElo "1216"]
[BlackElo "1113"]

1. e4 c5 2. Nf3 Nc6 3. d4 cxd4 4. Nxd4 e6 5. Nc3 d6 6. Be3 Nf6 7. Be2 Be7 8. O-O
O-O 9. Re1 Ne5 10. h3 Ng6 11. Qd2 Re8 12. Rad1 a6 13. Nf3 Qc7 14. Bg5 Rd8 15.
Bd3 e5 16. Bxf6 Bxf6 17. Nd5 Qc6 18. Nxf6+ gxf6 19. Qh6 Qe8 20. Rd2 Qf8 21. Qe3
Qg7 22. Qb6 Be6 23. Bf1 Kh8 24. Kh1 Nf4 25. Rxd6 Rxd6 26. Qxd6 Rg8 27. Nh4 Nxh3
28. Qd2 Nf4 29. g3 Ng6 30. Nf5 Bxf5 31. exf5 Nf4 32. Kg1 Qh6 33. Qe3 Nh3+ 34.
Bxh3 Qxh3 35. Qf3 Rg5 36. Qxb7 Kg7 37. Qg2 Qxf5 38. f3 Qd7 39. c3 Qd5 40. a3 Qc5+
41. Kf1 Qc4+ 42. Re2 f5 43. Qf2 Qd3 44. Qe3 Qxe3 45. Rxe3 Kf6 46. Kf2 Rh5 47.
Kg2 Rg5 48. Kf2 Rh5 49. Kg1 Rg5 50. Kf2 Rh5 51. Rd3 Rh2+ 52. Ke3 Ke6 53. b4 Ra2
54. c4 Rc2 55. c5 a5 56. Rb3 axb4 57. axb4 h5 58. Ra3 f4+ 59. gxf4 exf4+ 60. Kxf4
Rc4+ 61. Kg3 Rxb4 62. Rc3 Rb8 63. Kh4 Rc8 64. Kxh5 Kd5 65. Kg5 Ke5 66. f4+ Ke6
67. f5+ Ke7 68. Rc4 Rc6 69. Re4+ Kf8 70. Rc4 Kg7 71. Kf4 Kf6 72. Ke4 Ke7 73. Kd5
Kd7 74. Ke5 Ke7 75. Kd5 Kd7 76. Re4 Ra6 77. Rb4 Kc7 78. Rb6 Ra1 79. Rb4 Rd1+ 80.
Rd4 Rf1 81. Ke5 Re1+ 82. Kf6 Rf1 83. Rd5 Kc6 84. Re5 Kd7 85. Kxf7 Rh1 86. Re6
Rh7+ 87. Kf6 Rh6+ 88. Ke5 Rh1 89. Rd6+ Kc7 90. Kd5 Rd1+ 91. Ke6 Re1+ 92. Kf7 Rf1
93. f6 Rf5 94. Re6 Kd7 95. c6+ Kc7 96. Ke7 Rh5 97. f7 Rh7 98. Ke8 Rxf7 99. Kxf7
Kd8 100. Re7 Kc8 101. Ke6 Kd8 102. Kd6 Kc8 103. Re8# 1-0

[Event "POLFINAL MISTRZOSTW POLSKI JUNIOROW 2016 - D11"]
[Site "Centrum Kongresow i Rekreacji Orle Gniazdo ul. Wrzosowa 28a, Szczyrk"]
[Date "1899-12-30"]
[Round "2.2"]
[White "Zubrycka, Marta"]
[Black "Kulpa, Karolina"]
[Result "1/2-1/2"]
[WhiteTitle "II"]
[BlackTitle "II+"]
[WhiteElo "1108"]
[BlackElo "1148"]

1. e4 c6 2. d4 d5 3. e5 Bf5 4. Nf3 e6 5. a3 Ne7 6. Be3 Nd7 7. Be2 Qc7 8. Bf4 c5
9. c3 Nc6 10. Bb5 cxd4 11. Bxc6 Qxc6 12. Nxd4 Qb6 13. b4 Bg6 14. O-O Be7 15. Nd2
O-O 16. N2f3 Rac8 17. Rc1 Rc4 18. Be3 Qc7 19. Qd2 Rc8 20. Ne2 Nxe5 21. Nxe5 Qxe5
22. Bf4 Qf6 23. Qe3 Bh5 24. Be5 Qg5 25. f4 Qg4 26. Rf3 Qf5 27. Rg3 f6 28. Bd4
Bxe2 29. Qxe2 Rxd4 30. Rf1 Rxf4 31. Rxf4 Qxf4 32. Qxe6+ Kf8 33. Qxc8+ Kf7 34.
Rf3 Qc1+ 35. Rf1 Qe3+ 36. Rf2 Qe1+ 37. Rf1 Qe3+ 38. Rf2 Qe1+ 39. Rf1 Qe3+ 40.
Rf2 Qe1+ 41. Rf1 Qe3+ 1/2-1/2

[Event "POLFINAL MISTRZOSTW POLSKI JUNIOROW 2016 - D11"]
[Site "Centrum Kongresow i Rekreacji Orle Gniazdo ul. Wrzosowa 28a, Szczyrk"]
[Date "1899-12-30"]
[Round "2.3"]
[White "Czerwinska, Oliwia"]
[Black "Reszka, Zofia"]
[Result "1/2-1/2"]
[WhiteTitle "II+"]
[BlackTitle "I"]
[WhiteElo "1067"]
[BlackElo "1120"]

1. e4 c5 2. c3 Nf6 3. e5 Nd5 4. d4 cxd4 5. cxd4 e6 6. Nc3 Nxc3 7. bxc3 b6 8. Nf3
Bb7 9. Bb5 Be7 10. h3 O-O 11. O-O d6 12. Bf4 Nc6 13. Re1 Rc8 14. Rc1 Na5 15. Qd3
Bd5 16. Rc2 Bc4 17. Bxc4 Nxc4 18. Nd2 Nxd2 19. Qxd2 d5 20. Qd3 Qc7 21. Qg3 Rfd8
22. Bh6 g6 23. Bd2 Qc4 24. Qf3 Rc6 25. Qe2 Qxe2 26. Rxe2 Rdc8 27. Kf1 Bb4 28.
Re3 Rc4 29. Rd3 b5 30. Ke2 Ba5 31. a3 Bb6 32. Be3 a5 33. Kd2 b4 34. axb4 axb4
35. Rc1 bxc3+ 36. Kc2 Ba5 37. Ra1 Bc7 38. Ra3 Bb6 39. Raxc3 Rxc3+ 40. Rxc3 Rxc3+
41. Kxc3 Kf8 42. Kb4 Ke8 43. Kb5 Bd8 44. g3 Ke7 45. Bg5+ Kd7 46. Bxd8 Kxd8 47.
Kc6 Kc8 48. Kd6 Kd8 49. h4 h6 50. g4 Ke8 51. g5 hxg5 52. hxg5 Kd8 53. f3 Ke8 54.
Kc7 Ke7 1/2-1/2

[Event "POLFINAL MISTRZOSTW POLSKI JUNIOROW 2016 - D11"]
[Site "Centrum Kongresow i Rekreacji Orle Gniazdo ul. Wrzosowa 28a, Szczyrk"]
[Date "1899-12-30"]
[Round "2.5"]
[White "Obrochta, Lena"]
[Black "Gaczol, Julia"]
[Result "1-0"]
[WhiteTitle "II+"]
[BlackTitle "II"]
[WhiteElo "1149"]
[BlackElo "1037"]

1. e4 c5 2. Nc3 d6 3. f4 g6 4. Nf3 Bg7 5. Bb5+ Bd7 6. Bxd7+ Qxd7 7. d3 Nc6 8. Bd2
Nf6 9. O-O O-O 10. Kh1 h6 11. Nh4 e6 12. f5 exf5 13. exf5 g5 14. Nf3 Rfe8 15.
Rb1 a6 16. a4 Rab8 17. Re1 Qxf5 18. Rxe8+ Rxe8 19. Qf1 Qd7 20. Qf2 Ne5 21. Rf1
Neg4 22. Qg1 b5 23. axb5 axb5 24. Re1 b4 25. Nd1 Rxe1 26. Qxe1 Qe6 27. Qxe6 fxe6
28. Kg1 Kf7 29. h3 Ne5 30. Nxe5+ dxe5 31. Be3 Bf8 32. Nf2 Kg6 33. Bd2 Kf7 34.
c3 bxc3 35. Bxc3 Bd6 36. Kf1 Nd7 37. Ne4 Ke7 38. Kf2 Nf6 39. Nd2 Bc7 40. Nc4 Nd7
41. Kf3 Kf6 42. Kg4 Kg6 43. Ne3 Nf6+ 44. Kf3 Nd5 45. Bd2 Nf4 46. Ke4 Ne2 47. Be1
Nd4 48. h4 Nf5 49. hxg5 Nxe3 50. Kxe3 hxg5 51. Ke4 g4 52. Bf2 Kg5 53. Bxc5 Kf6
54. b4 Bb8 55. b5 Kf7 56. Bb4 Bc7 57. Bc3 Kf6 58. g3 Bd6 59. b6 Bb8 60. b7 Bc7
61. d4 exd4 62. Bxd4+ Kg6 63. Be5 Bxe5 64. Kxe5 Kf7 65. b8=Q Kg7 66. Kxe6 Kh7
67. Kf6 Kh6 68. Qh8# 1-0

[Event "POLFINAL MISTRZOSTW POLSKI JUNIOROW 2016 - D11"]
[Site "Centrum Kongresow i Rekreacji Orle Gniazdo ul. Wrzosowa 28a, Szczyrk"]
[Date "1899-12-30"]
[Round "2.6"]
[White "Najdecka, Sandra"]
[Black "Scisla, Oliwia"]
[Result "1-0"]
[WhiteTitle "II"]
[BlackTitle "I"]
[WhiteElo "1123"]
[BlackElo "1066"]

1. e4 c5 2. Nf3 Nc6 3. d4 cxd4 4. Nxd4 g6 5. Nc3 Bg7 6. Be3 Nf6 7. f3 Qb6 8. Rb1
Nxe4 9. fxe4 Nxd4 10. Nd5 Nxc2+ 11. Qxc2 Qa5+ 12. Bd2 Qd8 13. Nc7+ Kf8 14. Nxa8
e6 15. Kd1 b6 16. Qc7 Qe8 17. Qxa7 d5 18. e5 Bxe5 19. Qxb6 Qa4+ 20. Qb3 Qxa8 21.
Rc1 Bd7 22. Be2 Ba4 23. Rc8+ Qxc8 24. Qxa4 Bxb2 25. Qb4+ Kg7 26. Qxb2+ f6 27.
Rf1 e5 28. Qb6 f5 29. Qa7+ Kf6 30. Qe3 d4 31. Qh6 e4 32. Bg4 e3 33. Rxf5+ Ke7
34. Qg7+ Kd6 35. Rf6+ Kd5 36. Bxc8 Rxc8 37. Qd7+ 1-0

[Event "POLFINAL MISTRZOSTW POLSKI JUNIOROW 2016 - D11"]
[Site "Centrum Kongresow i Rekreacji Orle Gniazdo ul. Wrzosowa 28a, Szczyrk"]
[Date "1899-12-30"]
[Round "2.7"]
[White "Bukala, Weronika"]
[Black "Laszczuk, Zofia"]
[Result "1-0"]
[WhiteTitle "II+"]
[BlackTitle "II"]
[WhiteElo "1026"]
[BlackElo "1165"]

1. e4 c5 2. c3 Nc6 3. Nf3 d6 4. d4 e6 5. Bb5 Nf6 6. dxc5 dxc5 7. Qxd8+ Kxd8 8.
Bxc6 bxc6 9. Ne5 Ke8 10. Nd2 Bb7 11. O-O Bd6 12. Nd3 Rd8 13. e5 Bf8 14. Nf4 Ng4
15. Re1 g6 16. h3 Nh6 17. Ne4 Ng8 18. Ne2 c4 19. Bg5 Rd5 20. Bf6 Nxf6 21. Nxf6+
Ke7 22. Nxd5+ cxd5 23. Ng3 Bh6 24. b3 cxb3 25. axb3 Rc8 26. Rxa7 Rc7 27. Ne2 Kd7
28. Nd4 Kc8 29. Nb5 Rd7 30. Nd6+ Kb8 31. Rxb7+ Rxb7 32. Nxb7 Kxb7 33. Rb1 Bg7
34. f4 Bf8 35. Kf2 Kb6 36. Ke3 Bc5+ 37. Kd3 Kb5 38. Ra1 Bf2 39. Ra8 Bg3 40. Ke3
Be1 41. Kd3 Bg3 42. Ra7 Bxf4 43. Rxf7 Bxe5 44. Rxh7 Kc6 45. Rh6 Kd6 46. Rxg6 Ke7
47. Rg8 Kd6 48. b4 Kc6 49. Re8 Kd6 50. b5 Kd7 51. Ra8 Kc7 52. g4 Kd7 53. g5 Kc7
54. g6 Kb6 55. Re8 Kxb5 56. Re7 Kc5 57. g7 Bxg7 58. Rxg7 Kd6 59. h4 Ke5 60. Ke3
Kf5 61. h5 Ke5 62. h6 Kf6 63. Rg1 e5 64. h7 Kf5 65. h8=Q e4 66. Qe8 d4+ 67. cxd4
Kf6 68. Rf1+ Kg5 69. Qg8+ Kh6 70. Rh1# 1-0

[Event "POLFINAL MISTRZOSTW POLSKI JUNIOROW 2016 - D11"]
[Site "Centrum Kongresow i Rekreacji Orle Gniazdo ul. Wrzosowa 28a, Szczyrk"]
[Date "1899-12-30"]
[Round "2.9"]
[White "Grzyb, Anna"]
[Black "Cieslak, Emilia"]
[Result "1/2-1/2"]
[WhiteTitle "II"]
[BlackTitle "II"]
[WhiteElo "1053"]
[BlackElo "1008"]

1. d4 d5 2. c4 e6 3. Nc3 Nf6 4. Bg5 Be7 5. Nf3 h6 6. Bh4 O-O 7. e3 Ne4 8. Bxe7
Qxe7 9. Bd3 Nxc3 10. bxc3 Nd7 11. O-O c6 12. cxd5 cxd5 13. c4 dxc4 14. Bxc4 e5
15. Qc2 e4 16. Nd2 Nf6 17. Rac1 Bf5 18. Qb3 b6 19. Rc2 Qc7 20. Bd5 Qxc2 21. Qxc2
Nxd5 22. Qc4 Nf6 23. Rd1 Rfc8 24. Qb3 Rc7 25. Qb2 Rac8 26. Nb3 Rc2 27. Qa3 a5
28. Rc1 Rxc1+ 29. Nxc1 Rc2 30. h3 g5 31. g4 Bc8 32. Nb3 h5 33. Qd6 Kg7 34. gxh5
Nxh5 35. Qe5+ f6 36. Qe7+ Kh6 37. Qxe4 Rxa2 38. Qc6 Bxh3 39. Qxb6 a4 40. Nc5 a3
41. Qb1 Re2 42. Nb3 g4 43. Qd3 Rb2 44. e4 g3 45. Qe3+ Kg7 46. fxg3 Rg2+ 47. Kf1
Rxg3+ 48. Kf2 Rxe3 49. Kxe3 a2 50. d5 Bd7 51. Kd4 Ba4 52. Na1 Kf7 53. e5 fxe5+
54. Kxe5 Ke7 55. Kd4 Kd6 56. Kc4 Nf4 57. Kb4 Bd1 58. Ka3 Nxd5 59. Kxa2 Kc5 60.
Nb3+ Kb4 61. Nd2 Nc3+ 62. Kb2 Ba4 63. Ka1 Ka3 64. Nb1+ Kb3 65. Nxc3 Kxc3 1/2-1/2

[Event "POLFINAL MISTRZOSTW POLSKI JUNIOROW 2016 - D11"]
[Site "Centrum Kongresow i Rekreacji Orle Gniazdo ul. Wrzosowa 28a, Szczyrk"]
[Date "1899-12-30"]
[Round "3.1"]
[White "Szewc, Dobromila"]
[Black "Kieca, Aleksandra"]
[Result "1-0"]
[WhiteTitle "II"]
[BlackTitle "II+"]
[WhiteElo "1116"]
[BlackElo "1216"]

1. e4 c5 2. Nf3 d6 3. d4 cxd4 4. Nxd4 Nf6 5. Nc3 a6 6. Be3 Nc6 7. Qd2 Ng4 8. f3
Nxe3 9. Qxe3 Qb6 10. Nf5 Qxe3+ 11. Nxe3 g6 12. O-O-O Be6 13. Kb1 Bg7 14. Ncd5
Rc8 15. Nb6 Rd8 16. Ned5 Bxd5 17. Nxd5 O-O 18. g4 e6 19. Ne3 Rd7 20. h4 Rfd8 21.
f4 Ne7 22. g5 d5 23. e5 d4 24. Nc4 Nf5 25. Bd3 b5 26. Nd2 Ne3 27. Rdg1 Bf8 28.
h5 Bb4 29. Ne4 Be7 30. hxg6 fxg6 31. Rh2 Rc7 32. Rgh1 Bf8 33. Nf6+ Kf7 34. Rxh7+
Bg7 35. Rxg7+ Kxg7 36. Rh7+ Kf8 37. Rxc7 Nf5 38. Bxf5 exf5 39. Rd7 Rxd7 40. Nxd7+
Ke7 41. Nc5 a5 42. Nb3 a4 43. Nxd4 b4 44. Nc6+ Ke6 45. Nxb4 1-0

[Event "POLFINAL MISTRZOSTW POLSKI JUNIOROW 2016 - D11"]
[Site "Centrum Kongresow i Rekreacji Orle Gniazdo ul. Wrzosowa 28a, Szczyrk"]
[Date "1899-12-30"]
[Round "3.2"]
[White "Reszka, Zofia"]
[Black "Obrochta, Lena"]
[Result "0-1"]
[WhiteTitle "I"]
[BlackTitle "II+"]
[WhiteElo "1120"]
[BlackElo "1149"]

1. e4 e5 2. Nf3 d6 3. d4 Nd7 4. Bc4 c6 5. Ng5 Nh6 6. a4 Be7 7. Bxf7+ Nxf7 8. Ne6
Qb6 9. a5 Qb4+ 10. Nd2 Bd8 11. Nxd8 Nxd8 12. c4 d5 13. cxd5 cxd5 14. dxe5 Nxe5
15. Qh5+ Ndf7 16. O-O O-O 17. exd5 Qe7 18. Re1 Qf6 19. Ne4 Qd8 20. Qd1 b6 21.
axb6 Qxb6 22. Be3 Qb7 23. Qd4 a6 24. Rec1 Rb8 25. Ra2 Rd8 26. Rc5 Qb3 27. Ra1
Rb4 28. Qd2 Rxe4 29. Rac1 Nc4 30. Qe2 Nfd6 31. Qf3 Rf8 32. Qe2 Nxe3 33. fxe3 Rxe3
34. Qd1 Qxb2 35. R1c2 Qe5 36. Rc1 Re2 37. R5c2 Qe3+ 38. Kh1 Rff2 39. Qg1 Qd3 40.
Rc6 Qxd5 41. Rxa6 Rxg2 42. Rxd6 Rxh2# 0-1

[Event "POLFINAL MISTRZOSTW POLSKI JUNIOROW 2016 - D11"]
[Site "Centrum Kongresow i Rekreacji Orle Gniazdo ul. Wrzosowa 28a, Szczyrk"]
[Date "1899-12-30"]
[Round "3.3"]
[White "Kulpa, Karolina"]
[Black "Czerwinska, Oliwia"]
[Result "1-0"]
[WhiteTitle "II+"]
[BlackTitle "II+"]
[WhiteElo "1148"]
[BlackElo "1067"]

1. d4 d5 2. c4 c6 3. Nf3 Nf6 4. Nc3 e6 5. Bg5 h6 6. Bh4 g5 7. Bg3 Bb4 8. Nd2 Nbd7
9. e3 Nf8 10. Qc2 Ng6 11. Bd3 Ne7 12. Be5 Neg8 13. cxd5 Bxc3 14. Qxc3 Nxd5 15.
Qc5 f6 16. Bg6+ Kd7 17. Qd6# 1-0

[Event "POLFINAL MISTRZOSTW POLSKI JUNIOROW 2016 - D11"]
[Site "Centrum Kongresow i Rekreacji Orle Gniazdo ul. Wrzosowa 28a, Szczyrk"]
[Date "1899-12-30"]
[Round "3.4"]
[White "Wichura, Sara"]
[Black "Zubrycka, Marta"]
[Result "1-0"]
[WhiteTitle "II"]
[BlackTitle "II"]
[WhiteElo "1113"]
[BlackElo "1108"]

1. e4 e5 2. Nf3 Nc6 3. Nc3 Nf6 4. Bc4 Nxe4 5. Nxe4 d5 6. Bxd5 Qxd5 7. Nc3 Qd8 8.
Qe2 Bd6 9. O-O O-O 10. d3 h6 11. Be3 Be6 12. d4 Qe7 13. dxe5 Bxe5 14. Nxe5 Nxe5
15. Bf4 Bc4 16. Qxe5 Qxe5 17. Bxe5 Bxf1 18. Kxf1 Rfe8 19. Bxc7 Rac8 20. Bf4 Rc6
21. Rd1 Rf6 22. Be3 Rxe3 23. Nd5 Ree6 24. Nxf6+ Rxf6 25. Rd7 Rb6 26. b3 Ra6 27.
a4 Rb6 28. Rd8+ Kh7 29. Rd7 f6 30. Ke2 a6 31. Kd2 Rb4 32. g3 Kg8 33. f3 a5 34.
Kc3 b5 35. axb5 Rxb5 36. Ra7 Rf5 37. f4 g5 38. fxg5 Rxg5 39. Kd2 Rh5 40. h4 Rf5
41. Ke2 Re5+ 42. Kd2 Rd5+ 43. Ke3 Re5+ 44. Kf3 Rf5+ 45. Kg4 Rd5 46. Ra8+ Kg7 47.
Ra7+ Kg6 48. c4 h5+ 49. Kf4 Re5 50. Ra8 Kf7 51. Ra7+ Kg6 52. Ra8 Kf7 53. Ra7+
Kg6 54. Rc7 Rf5+ 55. Ke4 Re5+ 56. Kd4 Rf5 57. c5 Rf3 58. Rc8 Rxb3 59. c6 Rb1 60.
c7 Rc1 61. Rg8+ Kh7 62. c8=Q Rxc8 63. Rxc8 Kg6 64. Ra8 Kf5 65. Rxa5+ Kg4 66. Ke4
Kxg3 67. Rxh5 Kg4 68. Rf5 Kxh4 69. Rxf6 Kg5 70. Rf1 Kh4 71. Rg1 Kh3 72. Kf4 Kh4
73. Rh1# 1-0

[Event "POLFINAL MISTRZOSTW POLSKI JUNIOROW 2016 - D11"]
[Site "Centrum Kongresow i Rekreacji Orle Gniazdo ul. Wrzosowa 28a, Szczyrk"]
[Date "1899-12-30"]
[Round "3.6"]
[White "Karys, Katarzyna"]
[Black "Bukala, Weronika"]
[Result "1-0"]
[WhiteTitle "II"]
[BlackTitle "II+"]
[WhiteElo "1099"]
[BlackElo "1026"]

1. e4 d5 2. exd5 Qxd5 3. Nc3 Qa5 4. d4 Nf6 5. Nf3 Bg4 6. h3 Bh5 7. g4 Bg6 8. Ne5
Be4 9. Rg1 Nc6 10. Nc4 Qa6 11. Nd6+ exd6 12. Bxa6 bxa6 13. Nxe4 O-O-O 14. Nxf6
gxf6 15. Qd3 Re8+ 16. Kf1 Nb4 17. Qf5+ Kb8 18. a3 Nc6 19. Qd7 Bh6 20. Qxc6 Bxc1
21. Rxc1 Re7 22. Re1 Re6 23. Rxe6 fxe6 24. g5 f5 25. g6 h6 26. g7 Rg8 27. Qd7
e5 28. Qf7 Rc8 29. g8=R exd4 30. Qb3+ Ka8 31. Rxc8# 1-0

[Event "POLFINAL MISTRZOSTW POLSKI JUNIOROW 2016 - D11"]
[Site "Centrum Kongresow i Rekreacji Orle Gniazdo ul. Wrzosowa 28a, Szczyrk"]
[Date "1899-12-30"]
[Round "3.8"]
[White "Scisla, Oliwia"]
[Black "Grzyb, Anna"]
[Result "1-0"]
[WhiteTitle "I"]
[BlackTitle "II"]
[WhiteElo "1066"]
[BlackElo "1053"]

1. e4 e6 2. d4 b6 3. Bd3 Bb7 4. Qe2 c5 5. d5 Nf6 6. c4 exd5 7. exd5+ Qe7 8. Nc3
Qxe2+ 9. Ngxe2 a6 10. O-O Bd6 11. Bg5 Ng4 12. h3 Ne5 13. Ne4 Be7 14. Bxe7 Kxe7
15. Nf4 h6 16. Rad1 Re8 17. Rfe1 Kf8 18. Nd6 Re7 19. Nxb7 Ra7 20. Nd6 Rc7 21.
Nf5 Re8 22. b3 a5 23. Bc2 g6 24. Nxh6 f5 25. g4 Nf3+ 26. Kf1 Rxe1+ 27. Rxe1 Nxe1
28. Kxe1 Kg7 29. gxf5 Kxh6 30. f6 d6 31. Bxg6 Nd7 32. f7 Rc8 33. h4 Ne5 34. h5
Nd7 35. Ne6 Rb8 36. f4 Nf8 37. f5 Rc8 38. Kf2 Rb8 39. Kf3 Rc8 40. Kf4 Rb8 41.
f6 Rc8 42. Kf5 Rb8 43. Nxf8 Rxf8 44. Ke6 Rb8 45. Ke7 Rb7+ 46. Kxd6 Rb8 47. Ke6
a4 48. d6 b5 49. cxb5 axb3 50. axb3 c4 51. bxc4 Rc8 52. d7 Rb8 53. Ke7 Ra8 54.
f8=Q+ Rxf8 55. Kxf8 Kg5 56. d8=Q 1-0

[Event "POLFINAL MISTRZOSTW POLSKI JUNIOROW 2016 - D11"]
[Site "Centrum Kongresow i Rekreacji Orle Gniazdo ul. Wrzosowa 28a, Szczyrk"]
[Date "1899-12-30"]
[Round "4.1"]
[White "Obrochta, Lena"]
[Black "Szewc, Dobromila"]
[Result "1-0"]
[WhiteTitle "II+"]
[BlackTitle "II"]
[WhiteElo "1149"]
[BlackElo "1116"]

1. e4 e5 2. Nf3 Nc6 3. Bc4 Nf6 4. d3 Bc5 5. O-O a6 6. Bb3 Na5 7. Nxe5 Nxb3 8. axb3
d6 9. Nf3 O-O 10. Bg5 Re8 11. Nc3 c6 12. h3 h6 13. Bh4 Kh8 14. Nd2 Re5 15. Nc4
Rh5 16. Bxf6 Qxf6 17. Qxh5 b5 18. Nd2 Be6 19. Qf3 Qg6 20. Kh1 Qg5 21. Qe2 Qh4
22. Nf3 Qh5 23. Ng1 Qh4 24. Rad1 Bd4 25. Nf3 Qf6 26. Nxd4 Qxd4 27. Qf3 Rc8 28.
Rb1 Qc5 29. Rfd1 b4 30. d4 Qb6 31. Ne2 c5 32. d5 Bd7 33. Qxf7 Be8 34. Qf5 Rc7
35. Qf8+ Kh7 36. Qxe8 c4 37. Rf1 cxb3 38. cxb3 Rc2 39. Qh5 Qd8 40. Qf5+ Kg8 41.
Rbc1 Rxc1 42. Rxc1 a5 43. Rc8 Qxc8 44. Qxc8+ Kf7 45. Qe6+ Kf8 46. Qxd6+ Kf7 47.
e5 a4 48. bxa4 b3 49. Nf4 g5 50. Qe6+ Kf8 51. d6 gxf4 52. d7 f3 53. gxf3 h5 54.
d8=R+ Kg7 55. Qf6+ Kh7 56. Rh8# 1-0